Mapovanie toku hodnôt ako metóda odhalenia plytvania a potenciálov zlepšenia v podniku
Tok hodnôt tvoria všetky procesy (pridávajúce aj nepridávajúce hodnotu), ktoré sú na ceste od vstupného materiálu k hotovému výrobku. Mapovanie toku hodnôt je základný nástroj pre analýzu plytvania v procesoch vo výrobe, logistike, vývoji a administratíve. Okrem zobrazenia toku hodnoty na prevádzke...
Salvato in:
| Autore principale: | |
|---|---|
| Natura: | Capitolo di libro |
| Lingua: | slovacco |
| Soggetti: | |
| Tags: |
Nessun Tag, puoi essere il primo ad aggiungerne!!
|
MARC
| LEADER | 00000nla a2200000 4500 | ||
|---|---|---|---|
| 001 | 0181138 | ||
| 005 | 20240502073113.8 | ||
| 041 | 0 | |a slo | |
| 044 | |a SK | ||
| 245 | 1 | 0 | |a Mapovanie toku hodnôt ako metóda odhalenia plytvania a potenciálov zlepšenia v podniku |c Michal Kopták |
| 520 | |a Tok hodnôt tvoria všetky procesy (pridávajúce aj nepridávajúce hodnotu), ktoré sú na ceste od vstupného materiálu k hotovému výrobku. Mapovanie toku hodnôt je základný nástroj pre analýzu plytvania v procesoch vo výrobe, logistike, vývoji a administratíve. Okrem zobrazenia toku hodnoty na prevádzke umožňuje aj plánovanie zmien v toku hodnôt a modelovanie budúceho stavu. Je to teda nástroj pre analýzu procesov, ich zlepšovanie a komunikáciu. Aplikáciou metodiky v konkrétnom podniku je možné vizuálne zobraziť súčasný stav výroby, a teda nedostatky v podobe plytvania a potenciály zlepšenia v celom hodnotovom toku. Analytická časť tohto príspevku bola vykonaná vo výrobnom podniku OMNIA KLF, a.s. na prevádzke kovania so zameraním na výrobu výkovkov pre ložiskový priemysel. | ||
| 610 | 2 | 0 | |a proces výrobný |
| 610 | 2 | 0 | |a analýza procesov výrobných |
| 610 | 2 | 0 | |a výroba štíhla |
| 100 | 1 | |a Kopták, Michal | |